000
00325pab a2200145 454500
008
180718b2000 xxu||||| |||| 00| 0 eng d
100
_a
Ravindran, T.K. Sundari
245
_a
Engendering health
260
_c
2000
300
_a
p.34-38
362
_a
May
650
_a
Health services
773
_a
Seminar
909
_a
44749
999
_c
44749
_d
44749